Zhodnotenie vplyvu finančnej krízy na rentabilitu a likviditu vybraných bánk zoskupenia Raiffeisen Zentralbank Österreich AG (RZB) bakalárska práca

Enregistré dans:
Détails bibliographiques
Auteur principal: Miklušová, Jarmila
Collectivité auteur: Podnikovohospodárska fakulta EU so sídlom v Košiciach. Katedra ekonómie
Autres auteurs: Hudák, Igor, 1985-
Format: Livre
Langue:slovaque
Publié: Košice 2011
Tags: Ajouter un tag
Pas de tags, Soyez le premier à ajouter un tag!

MARC

LEADER 00000nbm a2200000 4500
001 0139409
005 20240827093427.3
041 0 |a slo 
044 |a SK 
245 1 0 |a Zhodnotenie vplyvu finančnej krízy na rentabilitu a likviditu vybraných bánk zoskupenia Raiffeisen Zentralbank Österreich AG (RZB)  |b bakalárska práca  |c Jarmila Miklušová ; školiteľ:Igor Hudák 
264 1 |a Košice  |c 2011 
300 |a 53 s. 
100 1 |a Miklušová, Jarmila 
700 1 |a Hudák, Igor, 1985- 
710 2 |a Podnikovohospodárska fakulta EU so sídlom v Košiciach. Katedra ekonómie